Normal view MARC view
  • 1.Alexander the Great, 356-323 B.C. 2.India--History--Early.

Entry Topical Term

Number of records used in: 4

001 - CONTROL NUMBER

  • control field: 3029

003 - CONTROL NUMBER IDENTIFIER

  • control field: NUST

005 - DATE AND TIME OF LATEST TRANSACTION

  • control field: 20170621121815.0

008 - FIXED-LENGTH DATA ELEMENTS

  • fixed length control field: 170621|| aca||aabn | a|a d

040 ## - CATALOGING SOURCE

  • Original cataloging agency: NUST
  • Transcribing agency: NUST

150 ## - HEADING--TOPICAL TERM

  • Topical term or geographic name entry element: 1.Alexander the Great, 356-323 B.C. 2.India--History--Early.

670 ## - SOURCE DATA FOUND

  • Source citation: Work cat.: (NUST)24180: V. A. Smith 3028, The Early History of India, c2006.
© 2023 Central Library, National University of Sciences and Technology. All Rights Reserved.